000 00779nam a2200253Ia 4500
003 OSt
005 20221002050052.0
006 a|||||r|||| 00| 0
007 ta
008 220930b |||||||| |||| 00| 0 eng d
020 _a9788182901292 (hbk)
_c1495
024 _a94896
037 _b591, 06/02/2009, Eastern Book Linkers
_cReference Collections
040 _aCRL
_cCRL
_beng
041 _2eng
_aeng
082 _aQ24:1, fP8 (RR)
100 _aVaradpande M. L.
245 0 _aGanapati in Indian mythology
260 _aGurgaon
_bShubhi Publications India
_c2008
300 _a182p.
_ccm.
650 _aRELIGION
942 _hQ24:1, fP8 (RR)
_cref
_2CC
999 _c913767
_d913767